<?xml version="1.0" encoding="UTF-8"?>
<record
    xmlns:xsi="http://www.w3.org/2001/XMLSchema-instance"
    xsi:schemaLocation="http://www.loc.gov/MARC21/slim http://www.loc.gov/standards/marcxml/schema/MARC21slim.xsd"
    xmlns="http://www.loc.gov/MARC21/slim">

  <leader>00923nam a2200217 a 4500</leader>
  <controlfield tag="001">71278</controlfield>
  <controlfield tag="003">BD-RjUL</controlfield>
  <controlfield tag="005">20211209082109.0</controlfield>
  <controlfield tag="008">170430s1972    ii ||||| |||| 00| 0 ben d</controlfield>
  <datafield tag="035" ind1=" " ind2=" ">
    <subfield code="a">(BD-RjUL)71493</subfield>
  </datafield>
  <datafield tag="040" ind1=" " ind2=" ">
    <subfield code="a">BD-RjUL</subfield>
    <subfield code="b">ben</subfield>
    <subfield code="c">BD-RjUL</subfield>
  </datafield>
  <datafield tag="041" ind1=" " ind2=" ">
    <subfield code="a">ben</subfield>
  </datafield>
  <datafield tag="082" ind1=" " ind2=" ">
    <subfield code="2">23</subfield>
    <subfield code="a">784.095414</subfield>
    <subfield code="b">DED 1972</subfield>
  </datafield>
  <datafield tag="110" ind1=" " ind2=" ">
    <subfield code="a">&#x9A6;&#x9C7;&#x9B6;&#x9BE;&#x9A4;&#x9CD;&#x9A8;&#x9AC;&#x9CB;&#x9A7;&#x995; &#x9B8;&#x999;&#x9CD;&#x997;&#x9C0;&#x9A4;-&#x9B8;&#x9CD;&#x9AC;&#x9B0;&#x9B2;&#x9BF;&#x9AA;&#x9BF;</subfield>
    <subfield code="9">213525</subfield>
  </datafield>
  <datafield tag="245" ind1="0" ind2="0">
    <subfield code="a">&#x9A6;&#x9C7;&#x9B6;-&#x9AC;&#x9A8;&#x9CD;&#x9A6;&#x9A8;&#x9BE; /</subfield>
    <subfield code="c">&#x9A6;&#x9C7;&#x9B6;&#x9BE;&#x9A4;&#x9CD;&#x9A8;&#x9AC;&#x9CB;&#x9A7;&#x995; &#x9B8;&#x999;&#x9CD;&#x997;&#x9C0;&#x9A4;-&#x9B8;&#x9CD;&#x9AC;&#x9B0;&#x9B2;&#x9BF;&#x9AA;&#x9BF; ; &#x9B8;&#x9AE;&#x9CD;&#x9AA;&#x9A6;&#x9A8;&#x9BE; &#x9AE;&#x9A8;&#x9CB;&#x9B0;&#x99E;&#x9CD;&#x99C;&#x9A8; &#x9B8;&#x9C7;&#x9A8;</subfield>
  </datafield>
  <datafield tag="300" ind1=" " ind2=" ">
    <subfield code="a">&#x9EF;&#x9EC; &#x9AA;&#x9C3;. ;</subfield>
    <subfield code="c">&#x9E8;&#x9EB; &#x9B8;&#x9C7;&#x9AE;&#x9BF;.</subfield>
  </datafield>
  <datafield tag="650" ind1=" " ind2=" ">
    <subfield code="a">Songs, Bengali </subfield>
    <subfield code="z">India </subfield>
    <subfield code="x">History and criticism.</subfield>
    <subfield code="9">213515</subfield>
  </datafield>
  <datafield tag="650" ind1=" " ind2=" ">
    <subfield code="a">&#x997;&#x9BE;&#x9A8;, &#x9AC;&#x9BE;&#x982;&#x9B2;&#x9BE;</subfield>
    <subfield code="z">&#x9AD;&#x9BE;&#x9B0;&#x9A4;</subfield>
    <subfield code="x">&#x987;&#x9A4;&#x9BF;&#x9B9;&#x9BE;&#x9B8; &#x98F;&#x9AC;&#x982; &#x9B8;&#x9AE;&#x9BE;&#x9B2;&#x9CB;&#x99A;&#x9A8;&#x9BE;</subfield>
    <subfield code="9">213526</subfield>
  </datafield>
  <datafield tag="700" ind1=" " ind2=" ">
    <subfield code="a">&#x9B8;&#x9C7;&#x9A8;, &#x9AE;&#x9A8;&#x9CB;&#x9B0;&#x99E;&#x9CD;&#x99C;&#x9A8;</subfield>
    <subfield code="9">210897</subfield>
  </datafield>
  <datafield tag="942" ind1=" " ind2=" ">
    <subfield code="2">ddc</subfield>
    <subfield code="c">BK</subfield>
  </datafield>
  <datafield tag="999" ind1=" " ind2=" ">
    <subfield code="c">71278</subfield>
    <subfield code="d">71278</subfield>
  </datafield>
  <datafield tag="952" ind1=" " ind2=" ">
    <subfield code="0">0</subfield>
    <subfield code="1">0</subfield>
    <subfield code="2">ddc</subfield>
    <subfield code="4">0</subfield>
    <subfield code="7">1</subfield>
    <subfield code="8">NFIC</subfield>
    <subfield code="a">RUCL</subfield>
    <subfield code="b">RUCL</subfield>
    <subfield code="c">Reading</subfield>
    <subfield code="d">1974-01-30</subfield>
    <subfield code="e">Ahsan-Ullah Lib.</subfield>
    <subfield code="g">7.70</subfield>
    <subfield code="l">0</subfield>
    <subfield code="o">B 784.095414 DED 1972</subfield>
    <subfield code="r">2017-04-30 00:00:00</subfield>
    <subfield code="t">C-1</subfield>
    <subfield code="w">2021-12-09</subfield>
    <subfield code="y">BK</subfield>
  </datafield>
</record>
